| 000 | 01049cab a2200169 4500 | ||
|---|---|---|---|
| 001 | ##L133049 | ||
| 008 | 060405n 000 0 eng u | ||
| 035 | _a(Sirsi) u133049 | ||
| 041 | 0 | _aeng | |
| 100 | 1 | _aWilliamson, Hazel | |
| 245 | 0 | 0 | _aSmall savings might well amount to a big saving |
| 490 | 0 |
_aEstates Gazette _v(0613) 1 April 2006, 135(1) |
|
| 520 | _aAdvises checking commercial service charges against the lease to ensure that tenants are not overpaying. Some items might be challengeable. Unlike residential property there is no statutory regulation of commercial service charges and there is only a weak general presumption by the courts that a commercial service charge must be reasonable. The commercial tenant's obligations are governed entirely by the terms of the lease. Small savings against each demand could however amount to a worthwhile sum over the years. | ||
| 590 | _aIKA110406 | ||
| 690 | _aPROPERTY-COMMERCIAL PROPERTY-LEASEHOLD COMMERCIAL PROPERTY-COMMERCIAL LANDLORD AND TENANT-COMMERCIAL SERVICE CHARGES | ||
| 942 | _n0 | ||
| 999 |
_c76770 _d76770 |
||